| 000 | 01065nam a22002537a 4500 | ||
|---|---|---|---|
| 005 | 20170124102958.0 | ||
| 010 | _aB-069331 | ||
| 020 | _c110.00 | ||
| 035 | _aB-069331 | ||
| 037 | _bCen Lib/Ret | ||
| 040 |
_aDPL _bHN |
||
| 082 |
_a821 _bच्यवन |
||
| 100 |
_aच्यवन , राजेन्द्र _953925 |
||
| 245 |
_aठंडी नहीं होती कभी आग / _cराजेन्द्र च्यवन |
||
| 246 |
_aThandi nahi hoti kabhi aag / _bby Rajendra Chayvan |
||
| 260 |
_aदिल्ली _bशब्दसृष्टि _c2003 |
||
| 270 |
_bदिल्ली _a1/10295, गली न.1, वेस्ट गोरखपार्क, शाहदरा _e110032 |
||
| 300 |
_a111पृ. _c21सेमी (सजिल्द) |
||
| 650 |
_aहिन्दी -- साहित्य _953926 |
||
| 650 |
_aहिन्दी -- कविताएँ _953927 |
||
| 650 |
_aHindi -- Literature _953928 |
||
| 650 |
_aHindi - Poems _953929 |
||
| 942 |
_2ddc _cHN _h827 _mच्यवन |
||
| 999 |
_c113808 _d113808 |
||